00421nam a22001577a 4500003000500000005001700005008004100022010001000063011001000073035001000083040000900093100002400102245005100126500005800177650002800235CHAP20220329134924.0971013s r 00010 d a28101 a29073 a33184 cCHAP00aLamprecht, Herbert. aNew and hitherto know polymeric genes of Pisum aSobretiro de: Agri Hortique Genetica. 11:40-54, 1953.14aChícharoxGenética.